000 01176nam a22003611i 4500
999 _c967
_d967
001 020515042
003 UkOxU
005 20200122110441.0
008 151014s2016 enka j 001|0|eng|d
015 _aGBB5H4757
_2bnb
016 7 _a017653030
_2Uk
020 _a9781407163826 (pbk.) :
035 _a(Uk)017653030
040 _aStDuBDS
_beng
_erda
_cStDuBDS
_dUk
042 _aukblsr
082 0 4 _a932 DEA
_223
100 1 _aDeary, Terry,
_eauthor.
245 1 0 _aAwful Egyptians /
_cTerry Deary ; illustrated by Martin Brown.
264 1 _aLondon :
_bScholastic,
_c2016.
300 _a1 volume :
_billustrations (black and white) ;
_c20 cm.
336 _atext
_2rdacontent
336 _astill image
_2rdacontent
337 _aunmediated
_2rdamedia
338 _avolume
_2rdacarrier
490 0 _aHorrible histories
500 _aIncludes index.
500 _aFormerly CIP.
_5Uk
651 0 _aEgypt
_xHistory
_yTo 332 B.C.
_vJuvenile literature.
651 0 _aEgypt
_xSocial life and customs
_yTo 332 B.C.
_vJuvenile literature.
651 0 _aEgypt
_xCivilization
_yTo 332 B.C.
_vJuvenile literature.
700 1 0 _aBrown, Martin,
_d1959-
_eillustrator.
942 _2ddc
_cNFIC